<?xml version="1.0" encoding="UTF-8"?>
<marc:record xmlns:marc="http://www.loc.gov/MARC21/slim">
   <marc:leader>00000nam a2200000 a 4500</marc:leader>
   <marc:datafield ind1="1" ind2=" " tag="100">
      <marc:subfield code="a">Willeit-Kammerer, Maria</marc:subfield>
      <marc:subfield code="4">aut</marc:subfield>
      <marc:subfield code="e">Verfasser/-in</marc:subfield>
   </marc:datafield>
   <marc:datafield ind1=" " ind2=" " tag="653">
      <marc:subfield code="a">Geschichte 1935-1990</marc:subfield>
   </marc:datafield>
   <marc:datafield ind1=" " ind2=" " tag="653">
      <marc:subfield code="a">Softcover</marc:subfield>
   </marc:datafield>
   <marc:datafield ind1=" " ind2=" " tag="653">
      <marc:subfield code="a">Karte</marc:subfield>
   </marc:datafield>
   <marc:datafield ind1=" " ind2=" " tag="653">
      <marc:subfield code="a">Erzählungen</marc:subfield>
   </marc:datafield>
   <marc:datafield ind1=" " ind2=" " tag="653">
      <marc:subfield code="a">Erlebnisbericht</marc:subfield>
   </marc:datafield>
   <marc:datafield ind1="0" ind2="0" tag="245">
      <marc:subfield code="a">Daheim am Honigberg</marc:subfield>
   </marc:datafield>
   <marc:datafield ind1="0" ind2="0" tag="245">
      <marc:subfield code="b">Erinnerungen einer Pustertaler Bäuerin</marc:subfield>
   </marc:datafield>
   <marc:datafield ind1="0" ind2="0" tag="245">
      <marc:subfield code="c">Maria Willeit-Kammerer</marc:subfield>
   </marc:datafield>
   <marc:datafield ind1=" " ind2="1" tag="264">
      <marc:subfield code="a">Bozen</marc:subfield>
      <marc:subfield code="b">Ed. Raetia</marc:subfield>
   </marc:datafield>
   <marc:datafield ind1="1" ind2=" " tag="490">
      <marc:subfield code="a">Memoria - Erinnerungen an das 20. Jahrhundert</marc:subfield>
   </marc:datafield>
   <marc:datafield ind1="1" ind2=" " tag="520">
      <marc:subfield code="a">Angaben aus der Verlagsmeldung

Daheim am Honigberg : Erinnerungen einer Pustertaler Bäuerin

„Das Leben“, sagt Maria Willeit Kammerer, „ist wie ein Fleckerlteppich. Es hat helle und dunkle Streifen. Ich möchte über die hellen Streifen in unserem Leben erzählen. Mit den dunklen mussten wir einfach lernen umzugehen.“ Die heute 65-Jährige erzählt in leichtem Tonfall von ihrem Aufwachsen auf einem typischen Pfalzener Bergbauernhof in den Vierzigerjahren. Die „Mamme“ gibt ihre Arbeit als Katakombenlehrerin auf und folgt ihrem Mann auf einen gerade angekauften Bauernhof, den er aus dem Nichts aufbaut. Es gibt keinen Strom und kein Auto und als der erste Jeep ins Dorf kommt, schreit die Nachbarin verzweifelt: „Jetzt sind unsere Kinder hier auch nicht mehr sicher.“ Kammerer ist die älteste von 13 Kindern. Sie kann sich noch genau erinnern an die Geschichten des Vaters, an die Handwerker, die auf „die Stör“ kamen, sowie an die weltlichen und religiösen Bräuche, die heute schon vergessen sind.
</marc:subfield>
   </marc:datafield>
   <marc:datafield ind1=" " ind2=" " tag="020">
      <marc:subfield code="a">8872832624</marc:subfield>
      <marc:subfield code="9">8872832624</marc:subfield>
   </marc:datafield>
   <marc:datafield ind1=" " ind2=" " tag="041">
      <marc:subfield code="a">ger</marc:subfield>
   </marc:datafield>
   <marc:datafield ind1=" " ind2=" " tag="300">
      <marc:subfield code="a">127 S.</marc:subfield>
   </marc:datafield>
</marc:record>
